000 00467nam a22001817a 4500
003 OSt
008 260622b |||||||| |||| 00| 0 eng d
082 _a633.1194
_bP29A
100 _aPatil, B.P
245 _aAdaptations of Wheat Rusts to Adverse Conditions
_cPatil, B.P
260 _aIARI, New, Delhi
_bIARI, New, Delhi
_c1964
300 _a189p.
502 _bPh.D.
_d1964
650 _aPlant Pathology
650 _aPh.D.
650 _aThesis
942 _2ddc
_cT
999 _c52196
_d52196